| 000 | 02041cam a2200373 i 4500 | ||
|---|---|---|---|
| 999 |
_c129707 _d129707 |
||
| 001 | 20574274 | ||
| 003 | ARRUPE | ||
| 005 | 20190815112532.0 | ||
| 008 | 180706s2019 coua b 001 0aeng c | ||
| 010 | _a 2018032409 | ||
| 020 | _a9781626377592 (hardcover : alk. paper) | ||
| 020 | _z9781626377752 (ebook) | ||
| 040 |
_aIEN/DLC _beng _cIEN _erda _dDLC |
||
| 042 | _apcc | ||
| 043 | _af-za--- | ||
| 050 | 0 | 0 |
_aDT3117.S36 _b2019 |
| 082 | 0 | 4 | _a968.9404092 |
| 100 | 1 |
_aScott, Guy _q(Guy Lindsay), _d1944- _eauthor. _947820 |
|
| 245 | 1 | 0 |
_aAdventures in Zambian politics : _ba story in black and white / _cGuy Scott. |
| 260 |
_aLondon _bLynne Rienner Publishers _c2019 |
||
| 300 |
_axx, 259 p. : _billustrations ; _c24 cm |
||
| 504 | _aIncludes bibliographical references (pages 253-254) and index. | ||
| 505 | 0 | _aForeword / Miles Larmer -- Prologue -- The plucky little devil -- "Northern Rhodesians" -- Sounds in the forest -- Young Michael heads for town -- The first wind -- Chimwela - the second wind -- The reign of King Fred -- Elements of fudge -- X years in the wilderness, y days in jail -- Inside looking out -- Daily business -- Double Dutch syndrome -- Chinese whispers -- Good neighborliness -- The not-so-rough guide -- Slow death -- Epilogue: A quick presidency, and after. | |
| 600 | 1 | 0 |
_aScott, Guy _q(Guy Lindsay), _d1944- _947820 |
| 650 | 0 |
_aPoliticians _zZambia _vBiography. _947821 |
|
| 651 | 0 |
_aZambia _xPolitics and government _y1964-1991. _93434 |
|
| 651 | 0 |
_aZambia _xPolitics and government _y1991- _947822 |
|
| 776 | 0 | 8 |
_iOnline version: _aScott, Guy (Guy Lindsay), 1944- author. _tAdventures in Zambian politics _dBoulder, Colorado : Lynne Rienner Publishers, 2019 _z9781626377752 _w(DLC) 2018033096 |
| 906 |
_a7 _bcbc _corignew _d1 _eecip _f20 _gy-gencatlg |
||
| 942 |
_2lcc _cMONOGRAPH |
||